00517nam a2200145Ia 4500003000900000008004100009020002600050040001600076100002300092245006800115260003200183300002000215490003300235856010300268IN-BaIIA211028s9999 xx s 000 0 eng d a9780819436337 (Print) cIIA Library aIye, Masanori, ed. 0aOptical and IR Telescope Instrumentation and Detectorsh[eBook] aWashington, USAbSPIEc2000 aOnline resource aProceedings of SPIE; V. 4008 uhttps://www.spiedigitallibrary.org/conference-proceedings-of-spie/4008yClick Here to Access eBook